000 00520nam a2200181Ia 4500
999 _c34208
_d34208
003 OSt
005 20200907115102.0
008 190216s9999||||xx |||||||||||||| ||und||
020 _a9788173199370
040 _coclc
082 _a536.7
_bPAN/T
100 _aPanat, P V
_94411
245 0 _aThermodynamics And Statistical Mechanics /
_cP V Panat
260 _bNarosa Publishing House,
_aNew Delhi:
_c2008.
300 _a414p
650 _aPhysics
942 _cBK
_2ddc
_h536.7
_iPAN/T
_k536.7
_mPAN/T